banner-ar

المسرح المصرى 95 - 1996 / (Record no. 50068)

MARC details
000 -الفاتح
حقل البيانات ثابتة الطول 00685nam a2200217Ia 4500
008 - عناصر البيانات ثابتة الطول - معلومات عامة
حقل البيانات ثابتة الطول 140319s9999 xx 000 0 ara d
040 ## - مصدر الفهرسة
وكالة الفهرسة الأصلية GCL /
وكالة النسخ GCL
082 04 - رقم تصنيف ديوى العشرى
رقم التصنيف 792.015
رقم المادة س م
100 1# - المدخل الرئيسى - إسم شخصى
الإسم الشخصى محمود الحدينى
245 10 - بيان العنوان
العنوان المسرح المصرى 95 - 1996 /
بيان المسئوليه,etc محمود الحدينى
700 1# - المدخل الاضافى - اسم شخصى
الإسم الشخصى اسماعيل امام
700 1# - المدخل الاضافى - اسم شخصى
الإسم الشخصى حسين محمد عبدالغنى
700 1# - المدخل الاضافى - اسم شخصى
الإسم الشخصى حسام الشناوى
300 ## - الوصف المادى
التعداد 142 ص
490 ## - بيان السلسلة
عنوان السلسلة سلسلة توثيق المسرح المصرى
رقم المجلد/ التعيين التسلسلي 0
650 04 - المدخل الاضافى بالموضوع-مصطلح موضوعى
مصطلح موضوعي المسرح - تاريخ ونقد
650 04 - المدخل الاضافى بالموضوع-مصطلح موضوعى
مصطلح موضوعي المسرح - مصر
650 04 - المدخل الاضافى بالموضوع-مصطلح موضوعى
مصطلح موضوعي المسرحيات - مصر
942 ## - عناصر المدخل الإضافي( كوها)
مصدر التصنيف او مخطط الترفيف Dewey Decimal Classification
Koha [default] item type كتاب
Holdings
حالة التراجع حالة الفقد حالة تلف ليس للاعارة المكان المؤقت الموقع الحالى تاريخ الاكتساب اجمالي اﻻعارات رقم الطلب الباركود تاريخ اخر مشاهدة تاريخ تفعيل السعر نوع وعاء كوها
        مكتبة القاهرة الكبرى مكتبة القاهرة الكبرى 03/26/2014   792.015\س م 120068 03/26/2014 03/26/2014 كتاب
        مكتبة القاهرة الكبرى مكتبة القاهرة الكبرى 03/26/2014   792.015\س م 120069 03/26/2014 03/26/2014 كتاب

Powered By

EGPV